| Tag |
First Indicator |
Second Indicator |
Subfields |
| LEADER |
00000cam a2200000 a 4500 |
| 001 |
in00000388024 |
| 005 |
20151011121245.0 |
| 008 |
850403s1985 nyua b 10010 eng |
| 010 |
|
|
|a 85071288
|
| 035 |
|
|
|a (OCoLC)12720964
|
| 035 |
|
|
|9 ABS3311AM
|
| 039 |
0 |
|
|a 2
|b 3
|c 3
|d 3
|e 3
|
| 040 |
|
|
|a DLC
|c DLC
|d TXA
|d UtOrBLW
|
| 049 |
|
|
|a TXAM
|c [A08638278]
|
| 050 |
0 |
0 |
|a TA748
|b .J65 1985
|
| 082 |
0 |
|
|a 624.1/52
|2 19
|
| 111 |
2 |
|
|a Joint ASCE/ASME Mechanics Conference
|d (1985 :
|c Albuquerque, N.M.)
|
| 245 |
1 |
0 |
|a Response of geologic materials to blast loading and impact :
|b presented at the ASCE/ASME Mechanics Conference, Albuquerque, New Mexico, June 24-26, 1985 /
|c sponsored by the Applied Mechanics Division, ASME ; edited by John C. Cizek.
|
| 264 |
|
1 |
|a New York, N.Y. (345 E. 47th St., New York 10017) :
|b American Society of Mechanical Engineers,
|c [1985]
|
| 264 |
|
4 |
|c ©1985
|
| 300 |
|
|
|a v, 181 pages :
|b illustrations ;
|c 26 cm.
|
| 336 |
|
|
|a text
|b txt
|2 rdacontent
|
| 337 |
|
|
|a unmediated
|b n
|2 rdamedia
|
| 338 |
|
|
|a volume
|b nc
|2 rdacarrier
|
| 490 |
1 |
|
|a AMD ;
|v vol. 69
|
| 504 |
|
|
|a Includes bibliographies.
|
| 650 |
|
0 |
|a Blast effect
|x Congresses.
|
| 650 |
|
0 |
|a Soil dynamics
|v Congresses.
|
| 650 |
|
0 |
|a Engineering geology
|v Congresses.
|
| 700 |
1 |
|
|a Cizek, John C.
|
| 710 |
2 |
|
|a American Society of Mechanical Engineers.
|b Applied Mechanics Division.
|
| 830 |
|
0 |
|a AMD (Series) ;
|v vol. 69.
|
| 999 |
|
|
|a MARS
|
| 999 |
f |
f |
|s 4f467c26-9393-39ba-a0d6-66f3443c158a
|i 8da658b0-9435-3e76-b3ee-b85b79dbec1f
|t 0
|
| 952 |
f |
f |
|p ric
|a Texas A&M University
|b Rellis Campus
|c Joint Library Facility
|d Remote Storage
|t 0
|e TA748 .J65 1985
|h Library of Congress classification
|i unmediated -- volume
|m A14808638278
|
| 998 |
f |
f |
|a TA748 .J65 1985
|t 0
|l Remote Storage
|